La Unión Soviética / (Record no. 104281)

MARC details
000 -LEADER
campo de control de longitud fija 00685nam a2200205 i 4500
001 - NÚMERO DE CONTROL
campo de control 104281
003 - IDENTIFICADOR DE NÚMERO DE CONTROL
campo de control ES-MaACL
005 - FECHA Y HORA DE LA ÚLTIMA TRANSACCIÓN
campo de control 20230906183547.0
007 - CAMPO FIJO DE DESCRIPCIÓN FÍSICA--INFORMACIÓN GENERAL
campo de control de longitud fija t|
008 - DATOS DE LONGITUD FIJA--INFORMACIÓN GENERAL
campo de control de longitud fija 051125s1973 sp ||||1| spa d
100 1# - ENTRADA PRINCIPAL--NOMBRE DE PERSONA
Nombre de persona Mijaïlov, Nikolaï Nikolaevich.
9 (RLIN) 81061
245 13 - MENCIÓN DEL TÍTULO
Título La Unión Soviética /
Mención de responsabilidad, etc. N. N. Mijaïlov; [versión Vicente Villacampa].
260 ## - PUBLICACIÓN, DISTRIBUCIÓN, ETC.
Lugar de publicación, distribución, etc. Barcelona :
Nombre del editor, distribuidor, etc. Danae,
Fecha de publicación, distribución, etc. 1973.
300 ## - DESCRIPCIÓN FÍSICA
Extensión 1 t. en 2 v. :
Otras características físicas il., map. ;
Dimensiones 31 cm.
490 1# - MENCIÓN DE SERIE
Mención de serie Gran colección geográfica Danae ;
Designación de volumen o secuencia 1, 2
700 1# - ENTRADA AGREGADA--NOMBRE PERSONAL
Nombre de persona Villacampa, Vicente.
9 (RLIN) 114904
830 0# - PUNTO DE ACCESO ADICIONAL DE SERIE-TÍTULO UNIFORME
Título uniforme Gran colección geográfica Danae ;
Designación de volumen o secuencia 1, 2
9 (RLIN) 232633
852 ## - LOCALIZACIÓN
Ubicación ES-MaACL
Número de control de estantería L-2061-2
Sublocalización o colección R.86781
Holdings
Estatus retirado Estado de pérdida Estado de daño No para préstamo Biblioteca de origen Biblioteca actual Ubicación en estantería Fecha de adquisición Fuente de adquisición Total de préstamos Signatura topográfica completa Código de barras Visto por última vez Precio de reemplazo Tipo de ítem Koha
        Biblioteca del Ateneo de Madrid Biblioteca del Ateneo de Madrid Depósito 2 17/01/2008     L-2061-2 1108876 23/02/2023 23/02/2023 Libro impreso